Comparative placentation (Record no. 13646)
[ view plain ]
| 000 -LEADER | |
|---|---|
| fixed length control field | 01289nam a2200337Ia 4500 |
| 100 1# - MAIN ENTRY--AUTHOR NAME | |
| Personal name | Wooding, F. B. P. |
| 245 10 - TITLE STATEMENT | |
| Title | Comparative placentation |
| 260 ## - PUBLICATION, DISTRIBUTION, ETC. (IMPRINT) | |
| Place of publication | Berlin : |
| Name of publisher | Springer, |
| Year of publication | c2008. |
| 300 ## - PHYSICAL DESCRIPTION | |
| Number of Pages | xi, 301 p. : |
| Other physical details | ill. |
| 650 #0 - SUBJECT ADDED ENTRY--TOPICAL TERM | |
| Topical Term | Physiology, Comparative. |
| Topical Term | Placenta. |
| 700 1# - ADDED ENTRY--PERSONAL NAME | |
| Personal name | Burton, Graham |
| 856 40 - ELECTRONIC LOCATION AND ACCESS | |
| Uniform Resource Identifier | http://site.ebrary.com/lib/rucke/Doc?id=10252353 |
No items available.
